Statistics for St Andrews Subjects

Click here to take the quiz!

General Stats

  • This quiz has been taken 14 times
    (13 since last reset)
  • The average score is 21 of 24

Answer Stats

Answer% Correct
Biology
100%
Chemistry
100%
French
100%
Further Maths
100%
Geography
100%
History
100%
Maths
100%
Philosophy
100%
Spanish
100%
Textiles
100%
Art
83%
Business
83%
Computer Science
83%
Drama
83%
Media
83%
Music
83%
PE
83%
Physics
83%
Product design
83%
Sociology
83%
English Literature
67%
Photography
67%
Politics
50%
Psychology
50%

Score Distribution

Percentile by Number Answered

Percent of People with Each Score

Your Score History

You have not taken this quiz since the last reset